000 00541nam a2200181Ia 4500
003 GCL
008 140319s9999 xx 000 0 ara d
040 _aGCL /
_cGCL
082 0 4 _a811.4
_bس م
100 1 _aسعد اسماعيل شلبى
245 1 0 _aمقدمه القصيده عند ابى تمام والمتنبى /
_cسعد اسماعيل شلبى
300 _a159 ص
490 _a
650 0 4 _aالادب العربى
650 0 4 _aدواوين وقصائد
650 0 4 _aالمتنبى, ابو الطيب
942 _2ddc
_cBK
999 _c38895
_d38895